Kulturandschaft versus Naturlandschaft.

Určovanie ekologických cieľov v rámci priestorového plánovania. Pojem krajiny v súčasných hospodárskych podmienkach. Kultúrne prostredie a prírodné prostredie z ekonomického hľadiska. Ekosystémy kontinentov členené podľa rastu ich ovplyvňovania a využívania človekom a poklesom prirodzených daností.

Guardado en:
Detalles Bibliográficos
Autor principal: Haber, W.
Formato: Capítulo de libro
Lenguaje:alemán
Materias:
Etiquetas: Agregar Etiqueta
Sin Etiquetas, Sea el primero en etiquetar este registro!

MARC

LEADER 00000naa a2200000 4500
001 r006167
005 20221130103822.8
041 0 |a ger 
044 |a DE 
245 1 0 |a Kulturandschaft versus Naturlandschaft.  |c W. Haber 
520 |a Určovanie ekologických cieľov v rámci priestorového plánovania. Pojem krajiny v súčasných hospodárskych podmienkach. Kultúrne prostredie a prírodné prostredie z ekonomického hľadiska. Ekosystémy kontinentov členené podľa rastu ich ovplyvňovania a využívania človekom a poklesom prirodzených daností. 
610 2 0 |a ekológia 
610 2 0 |a plánovanie územné 
610 2 0 |a prostredie prírodné 
610 2 0 |a ekonomika priestorová 
100 1 |a Haber, W.